000
00455nam a2200145Ia 4500
008
100122s9999 xx 000 0 und d
082
_b
62241
_a
823
100
_a
मलोसे राजेंद्र
245
_a
गाथा सप्तपदी
260
_b
देशमुख आणि कंपनी
_c
2002
300
_a
444
630
_a
गाथा सप्तपदी
730
_a
गाथा सप्तपदी
942
_c
BOOK
999
_c
436630
_d
436627